00338 2200157 4500245002800000250001100028100001100039650001600050005001900066260001800085041001400103084001400117300001800131500002200149336000900171 aScrapbookcArickahText aCet. 1 aAricka aKarya Siswa a20250925101830 aJakartac2025 aIndonesia a081 ARI s ailus. :c21cm aKarya Siswa X-DKV atext